Statistics for Nia Long Filmography

Click here to take the quiz!

General Stats

  • This quiz has been taken 6 times
    (2 since last reset)
  • The average score is 11 of 82

Answer Stats

TypeYearName% Correct
Film2000Big Momma's House
100%
Film2006Big Momma's House 2
100%
Film2023Missing
100%
Film2007Are We Done Yet?
50%
Film2005Are We There Yet?
50%
Film1991Boyz n the Hood
50%
TV Show2017Empire
50%
Film2020Fatal Affair
50%
Film1995Friday
50%
Film1999Held Up
50%
Film1997Love Jones
50%
TV Show2015, 2016Real Husbands of Hollywood
50%
Film1997Soul Food
50%
Film1999The Best Man
50%
Film2013The Best Man Holiday
50%
Web Series2022The Best Man: The Final Chapters
50%
TV Show2009-2010The Cleveland Show
50%
TV Show1991, 1994-1995The Fresh Prince of Bel-Air
50%
TV Show1986227
0%
Award Show201624th Annual Trumpet Awards
0%
Film201947 Meters Down: Uncaged
0%
Film2004Alfie
0%
Film2003Baadasssss!
0%
Music Video2002Baby
0%
TV Film2017Beaches
0%
TV Show2007-2008Big Shots
0%
Web Series2020#BlackAF
0%
TV Special2010Black Girls Rock
0%
TV Pilot1998Black Jaq
0%
TV Show2019Blaze and the Monster Machines
0%
Film2000Boiler Room
0%
TV Show2007Boston Legal
0%
TV Pilot2010Boston's Finest
0%
Film1990Buried Alive
0%
Film1998Butter
0%
Music Video2015California Roll
0%
TV Show2011Chase
0%
Web Series2017Dear White People
0%
Music Video1990Do Me!
0%
TV Show1996ER
0%
TV Show2006Everwood
0%
Music Video2002Ghost
0%
Documentary2009Good Hair
0%
Film2008Gospel Hill
0%
TV Show1991-1993Guiding Light
0%
Web Series2017Hand of God
0%
Film1998Hav Plenty
0%
TV Show2013House of Lies
0%
TV Film2000If These Walls Could Talk 2
0%
Music Video1997Iggin' Me
0%
Film1999In Too Deep
0%
TV Show2001-2002Judging Amy
0%
Film2016Keanu
0%
Music Video1995Keep Their Heads Ringin'
0%
Film2017Lemon
0%
Documentary Series2022Let the World See
0%
Film2020Life in a Year
0%
TV Pilot1995Live Shot
0%
TV Show1993Living Single
0%
Film2022Look Both Ways
0%
Film1993Made in America
0%
TV Show1996Moesha
0%
Film2010Mooz-lum
0%
TV Show2017-2018NCIS: Los Angeles
0%
Commercial2021Old Spice
0%
Music Video1990Poison
0%
Film2007Premonition
0%
Film2017Roxanne Roxanne
0%
TV Film2002Sightings: Heartland Ghost
0%
Film1999Stigmata
0%
Film2020The Banker
0%
Film2000The Broken Hearts Club: A Romantic Comedy
0%
TV Show2014The Divide
0%
TV Short2018The Goldbergs: 1990-Something
0%
Documentary2004The N-Word
0%
Film1999The Secret Laughter of Women
0%
Film2014The Single Moms Club
0%
TV Show2003-2005Third Watch
0%
Music Video2006Touch the Sky
0%
TV Show2016Uncle Buck
0%
TV Show1986Walt Disney's Wonderful World of Color
0%
Film2023You People
0%

Score Distribution

Percentile by Number Answered

Percent of People with Each Score

Your Score History

You have not taken this quiz since the last reset